Geografický časopis

Gespeichert in:
Bibliographische Detailangaben
Format: Schriftenreihe
Sprache:Slowakisch
Veröffentlicht: Bratislava Institute of Geography, Slovak Academy of Sciences 2003
Schlagworte:
Tags: Tag hinzufügen
Keine Tags, Fügen Sie das erste Tag hinzu!

MARC

LEADER 00000nas2a22000001 4500
001 0052560
005 20230317103714.1
022 |a 0016-7193 
041 0 |a slo 
044 |a SK 
245 1 0 |a Geografický časopis 
264 1 |a Bratislava  |b Institute of Geography, Slovak Academy of Sciences  |c 2003 
773 0 |w eu_un_cat*s120043 
610 2 0 |a geografia 
610 2 0 |a výskum krajiny 
610 2 0 |a regionalistika